| 000 | 00409 a2200157 4500 | ||
|---|---|---|---|
| 001 | 79094 | ||
| 082 | _a515.352 ROS | ||
| 090 |
_c39586 _d39586 |
||
| 100 | _aShepley L.Ross | ||
| 245 |
_aIntroduction to Ordinary Differential Equation (4th Edition) _hEnglish |
||
| 250 | _a4 | ||
| 260 |
_aIndia _bJohn Wiley & Sons _c1989 |
||
| 300 | _ax+610p | ||
| 500 | _aDOS BS Reference Books | ||
| 505 | _aAHQ Books | ||
| 942 |
_aCAE NUST _k515.352 ROS |
||
| 999 |
_c314167 _d314167 |
||